<Die> Lehre von der Wirtschaft
Na minha lista:
| Autor principal: | |
|---|---|
| Formato: | Livro |
| Idioma: | alemão |
| Publicado em: |
Bern
Haupt
1994
|
| Edição: | 13. Aufl. |
| Colecção: | Uni Taschenbücher
1736 |
| Assuntos: | |
| Tags: |
Sem tags, seja o primeiro a adicionar uma tag!
|
MARC
| LEADER | 00000nam a2200000 4500 | ||
|---|---|---|---|
| 001 | c016776 | ||
| 005 | 20221205140731.6 | ||
| 020 | |a 3-8252-1736-1 | ||
| 041 | 0 | |a ger | |
| 044 | |a CH | ||
| 245 | 1 | 0 | |a <Die> Lehre von der Wirtschaft |c Wilhelm Röpke |
| 250 | |a 13. Aufl. | ||
| 264 | 1 | |a Bern |b Haupt |c 1994 | |
| 300 | |a 381 s. | ||
| 490 | 1 | |a Uni Taschenbücher |v 1736 | |
| 830 | 0 | |a Uni Taschenbücher |v 1736 | |
| 610 | 2 | 0 | |a hospodárstvo národné |
| 610 | 2 | 0 | |a deľba práce |
| 610 | 2 | 0 | |a peniaze |
| 610 | 2 | 0 | |a úver |
| 610 | 2 | 0 | |a ceny |
| 610 | 2 | 0 | |a trh |
| 610 | 2 | 0 | |a rovnováha hospodárska |
| 610 | 2 | 0 | |a produkcia |
| 610 | 2 | 0 | |a kríza |
| 100 | 1 | |a Röpke, Wilhelm | |